Investment in railway electrification: an analytical study (Record no. 501514)

000 -LEADER
fixed length control field 00425cam a22001337a 4500
008 - FIXED-LENGTH DATA ELEMENTS--GENERAL INFORMATION
fixed length control field 180718b1990 xxu||||| |||| 00| 0 eng d
082 ## - DEWEY DECIMAL CLASSIFICATION NUMBER
Classification number APPPA 89-90 GRO
100 ## - MAIN ENTRY--PERSONAL NAME
Personal name Grover, R.S.
245 ## - TITLE STATEMENT
Title Investment in railway electrification: an analytical study
Statement of responsibility, etc. by R.S. Grover
260 ## - PUBLICATION, DISTRIBUTION, ETC.
Place of publication, distribution, etc. New Delhi
Name of publisher, distributor, etc. Indian Institute of Public Administration
Date of publication, distribution, etc. 1990
300 ## - PHYSICAL DESCRIPTION
Extent 151p.
650 ## - SUBJECT ADDED ENTRY--TOPICAL TERM
Topical term or geographic name entry element Railway electrification
650 ## - SUBJECT ADDED ENTRY--TOPICAL TERM
Topical term or geographic name entry element Investment
Holdings
Withdrawn status Lost status Damaged status Not for loan Permanent Location Current Location Date acquired Full call number Barcode Date last seen Price effective from Koha item type
        Indian Institute of Public Administration Indian Institute of Public Administration 2018-08-04 APPPA 89-90 GRO GR12378 2018-08-04 2018-08-04 GR

Powered by Koha